Linga aru shiksha (Record no. 11272)

MARC details
000 -LEADER
fixed length control field 00552nam a22002057a 4500
005 - DATE AND TIME OF LATEST TRANSACTION
control field 20260515114917.0
008 - FIXED-LENGTH DATA ELEMENTS--GENERAL INFORMATION
fixed length control field 220518b ||||| |||| 00| 0 eng d
020 ## - INTERNATIONAL STANDARD BOOK NUMBER
International Standard Book Number 9789385439742
040 ## - CATALOGING SOURCE
Original cataloging agency IN-DiNC
Transcribing agency IN-DiNC
041 ## - LANGUAGE CODE
Language code of sung or spoken text asm
082 ## - DEWEY DECIMAL CLASSIFICATION NUMBER
Classification number 370
Item number SAI
100 ## - MAIN ENTRY--PERSONAL NAME
Personal name Saikia, Tarun
Relator term author
245 ## - TITLE STATEMENT
Title Linga aru shiksha
Statement of responsibility, etc. by Tarun Saikia and Runu Borah Saikia
250 ## - EDITION STATEMENT
Edition statement 2nd ed.
260 ## - PUBLICATION, DISTRIBUTION, ETC.
Place of publication, distribution, etc. Jorhat:
Name of publisher, distributor, etc. Bidya Bhawan,
Date of publication, distribution, etc. 2022.
300 ## - PHYSICAL DESCRIPTION
Extent 356p.
650 ## - SUBJECT ADDED ENTRY--TOPICAL TERM
Topical term or geographic name entry element Gender and Education
700 ## - ADDED ENTRY--PERSONAL NAME
Personal name Saikia, Runu Borah
Relator term author
942 ## - ADDED ENTRY ELEMENTS (KOHA)
Source of classification or shelving scheme Dewey Decimal Classification
Koha item type Books
Holdings
Withdrawn status Lost status Source of classification or shelving scheme Damaged status Not for loan Collection Home library Current library Shelving location Date acquired Cost, normal purchase price Total checkouts Full call number Barcode Date last seen Date last checked out Copy number Price effective from Koha item type
    Dewey Decimal Classification       Naharkatiya College Library Naharkatiya College Library General stacks 05/18/2022 280.00 4 370 SAI 28853 05/10/2023 01/24/2023 1 05/18/2022 Books
    Dewey Decimal Classification       Naharkatiya College Library Naharkatiya College Library General stacks 05/18/2022 280.00 19 370 SAI 28854 05/21/2025 03/27/2025 2 05/18/2022 Books
    Dewey Decimal Classification       Naharkatiya College Library Naharkatiya College Library General stacks 05/18/2022 280.00 16 370 SAI 28855 05/21/2025 04/23/2025 3 05/18/2022 Books
    Dewey Decimal Classification       Naharkatiya College Library Naharkatiya College Library General stacks 01/21/2023 280.00 18 370 SAI 29152 05/21/2025 04/23/2025 4 01/21/2023 Books
    Dewey Decimal Classification       Naharkatiya College Library Naharkatiya College Library General stacks 01/21/2023 280.00 18 370 SAI 29153 05/14/2025 04/24/2025 5 01/21/2023 Books
    Dewey Decimal Classification       Naharkatiya College Library Naharkatiya College Library General stacks 01/21/2023 280.00 1 370 SAI 29154 01/24/2023 01/24/2023 6 01/21/2023 Books
    Dewey Decimal Classification       Naharkatiya College Library Naharkatiya College Library General stacks 03/03/2025 320.00 2 370 SAI 30652 05/21/2025 04/23/2025 7 03/03/2025 Books